| 000 | 00399pab a2200157 454500 | ||
|---|---|---|---|
| 008 | 180718b2006 xxu||||| |||| 00| 0 eng d | ||
| 100 | _aBrtick, Tilman | ||
| 245 | _aDo Eurozone countries cheat with their budget deficit forecasts? | ||
| 260 | _c2006 | ||
| 300 | _ap.3-15. | ||
| 650 | _aDeficit financing | ||
| 650 | _aBudget | ||
| 700 | _aStephan, Andreas | ||
| 773 | _aKyklos | ||
| 909 | _a70351 | ||
| 999 |
_c70351 _d70351 |
||